00999nam a22001937a 450000500170000000800410001702000180005804000070007604100080008308200180009110000160010924500610012526000310018630000290021736500620024652004390030865000380074770000200078520230124170015.0230124b ||||| |||| 00| 0 eng d a9789392262005 cAL aeng 223a921bGOYD aMukta Goyal aDr.B.R. Ambedkar An Overview of his Thoughts and Actions aJaipurbBook Enclavec2022 aviii,197p.bHBc23x15cm. 2Generala22b₹1091.00c₹d₹1495.00e27%f16/09/2022 aAn Overview on Ambedkar's Life; Partition and the Internationalization of Untouchability; Uniform Civil Code and Dr.B.R. Ambedkar; An Analysis; The Role of Dabekar for Making Indian Constitution Ambedkar's Contribution to the Making of Indian Constitution; The Untouchability and its Disability and Causes're Ambedkar's Contribution in Empowerment of Women and Present B. R Ambedkar's Vision and Views on the Education in 21st Century 2optional location for biographies aDatta Krittibas